Major League Teams with State Names (Big 6) - Statistics

General Stats
  • This quiz has been taken 97 times
    28 since last reset
  • The average score is 16 of 24
Answer Stats
Answer % Correct
Arizona Cardinals
92%
Colorado Avalanche
88%
Carolina Panthers
83%
Colorado Rockies
83%
Florida Panthers
83%
Minnesota Vikings
83%
Minnesota Timberwolves
79%
Minnesota Twins
79%
Minnesota Wild
79%
Carolina Hurricanes
75%
Texas Rangers
75%
Indiana Pacers
71%
New England Patriots
71%
Tennessee Titans
71%
Utah Jazz
71%
Arizona Diamondbacks
67%
Utah Hockey Club
63%
BC Lions
58%
Saskatchewan Roughriders
58%
Golden State Warriors
54%
New Jersey Devils
54%
Colorado Rapids
42%
Minnesota United FC
25%
New England Revolution
25%
No matching quizzes found
Score Distribution
Percent of People with Each Score
Percentile by Number Answered
Your Score History
You have not taken this quiz since the last reset